Polyurethane adhesives (Record no. 28217)
[ view plain ]
| 000 -LEADER | |
|---|---|
| fixed length control field | 01057cab a2200217 4500 |
| 001 - CONTROL NUMBER | |
| control field | ABS43918 |
| 008 - FIXED-LENGTH DATA ELEMENTS--GENERAL INFORMATION | |
| fixed length control field | 090401t1990 xxu||||| |||| 00| 0 eng d |
| 035 ## - SYSTEM CONTROL NUMBER | |
| System control number | (Sirsi) u44279 |
| 041 ## - LANGUAGE CODE | |
| Language code of text/sound track or separate title | eng |
| 100 ## - MAIN ENTRY--PERSONAL NAME | |
| Personal name | Strobech, Chr |
| 245 ## - TITLE STATEMENT | |
| Title | Polyurethane adhesives |
| 260 ## - PUBLICATION, DISTRIBUTION, ETC. | |
| Date of publication, distribution, etc. | 1990 |
| 350 ## - PRICE (NR) (BK AM CF MU VM SE) [OBSOLETE] | |
| Price | 0 |
| 490 ## - SERIES STATEMENT | |
| Series statement | Construction & Building Materials |
| Volume/sequential designation | 4(4) December 1990, 214-217(4) |
| 520 ## - SUMMARY, ETC. | |
| Summary, etc. | This paper reports on the main types, uses and methods of polyurethane adhesives , concentrating in particular on one-component, moisture curing, solvent-free and the two-component hard types. For the latter, the development of strength and hardness during cure is discussed, and the effects of pot life, application time and pressing time are examined. Safety aspects of the use of polyurethane adhesives are also considered, with particular reference to practice in the Scandinavian countries. (Journal Abstract) |
| 650 ## - SUBJECT ADDED ENTRY--TOPICAL TERM | |
| Topical term or geographic name entry element | BONDING |
| 650 ## - SUBJECT ADDED ENTRY--TOPICAL TERM | |
| Topical term or geographic name entry element | BUILDING PRODUCTS |
| 690 ## - LOCAL SUBJECT ADDED ENTRY--TOPICAL TERM (OCLC, RLIN) | |
| Topical term or geographic name as entry element | BUILT ENVIRONMENT-BUILDING MATERIALS |
| 942 ## - ADDED ENTRY ELEMENTS (KOHA) | |
| Suppress in OPAC | 0 |
| 948 ## - LOCAL PROCESSING INFORMATION (OCLC); SERIES PART DESIGNATOR (RLIN) | |
| c (OCLC) | 04/03/1997 |
| Withdrawn status | Lost status | Source of classification or shelving scheme | Damaged status | Not for loan | Home library | Current library | Shelving location | Date acquired | Total Checkouts | Full call number | Barcode | Date last seen | Copy number | Price effective from | Koha item type |
|---|---|---|---|---|---|---|---|---|---|---|---|---|---|---|---|
| Dewey Decimal Classification | London | London | Journal article | 14/09/1999 | ABS43918 | 44279-1001 | 06/08/2019 | 1 | 06/08/2019 | Journal article |